000
00253nam a22001097a 4500
082
_a
799.1 SHA'S
100
_a
SHARP, HAL
_9
57956
245
_a
SPORTMAN DIGEST OF SPIN FISHING
260
_a
NEWYORK
_b
BARNAS & NOBLE
_c
1954
300
_a
160P
942
_c
BK
999
_c
568192
_d
568192